Über den Einfluss der Blausäure auf die Gewebsatmung

Elmentve itt :
Bibliográfiai részletek
Szerzők: Banga Ilona
Schneider Lajos
Szent-Györgyi Albert
Dokumentumtípus: Cikk
Megjelent: Springer Berlin 1931
Sorozat:Biochemische Zeitschrift 240
Kulcsszavak:Sejtlégzés - biológiai oxidáció
Online Access:http://misc.bibl.u-szeged.hu/73690
LEADER 00752nab a2200205 i 4500
001 misc73690
005 20241018123507.0
008 240201s1931 hu o 000 ger d
040 |a SZTE Miscellanea Repozitórium  |b hun 
041 |a ger 
100 1 |a Banga Ilona 
245 1 0 |a Über den Einfluss der Blausäure auf die Gewebsatmung  |h [elektronikus dokumentum] /  |c  Banga Ilona 
260 |a Springer  |b Berlin  |c 1931 
300 |a 454-461 
490 0 |a Biochemische Zeitschrift  |v 240 
561 |a Szent-Györgyi Albert tudományos és egyéb írásai 
695 |a Sejtlégzés - biológiai oxidáció 
700 0 1 |a Schneider Lajos  |e aut 
700 0 2 |a Szent-Györgyi Albert  |e aut 
856 4 0 |u http://misc.bibl.u-szeged.hu/73690/1/szgya_magyar_043.pdf  |z Dokumentum-elérés